<?xml version="1.0" encoding="UTF-8"?><?xml-stylesheet type="text/xsl" href="static/style.xsl"?><OAI-PMH xmlns="http://www.openarchives.org/OAI/2.0/" xmlns:xsi="http://www.w3.org/2001/XMLSchema-instance" xsi:schemaLocation="http://www.openarchives.org/OAI/2.0/ http://www.openarchives.org/OAI/2.0/OAI-PMH.xsd"><responseDate>2026-04-28T19:42:47Z</responseDate><request verb="GetRecord" identifier="oai:uvadoc.uva.es:10324/6977" metadataPrefix="marc">https://uvadoc.uva.es/oai/request</request><GetRecord><record><header><identifier>oai:uvadoc.uva.es:10324/6977</identifier><datestamp>2021-06-29T10:11:16Z</datestamp><setSpec>com_10324_38</setSpec><setSpec>col_10324_852</setSpec></header><metadata><record xmlns="http://www.loc.gov/MARC21/slim" xmlns:doc="http://www.lyncode.com/xoai" xmlns:xsi="http://www.w3.org/2001/XMLSchema-instance" xmlns:dcterms="http://purl.org/dc/terms/" xsi:schemaLocation="http://www.loc.gov/MARC21/slim http://www.loc.gov/standards/marcxml/schema/MARC21slim.xsd">
<leader>00925njm 22002777a 4500</leader>
<datafield tag="042" ind1=" " ind2=" ">
<subfield code="a">dc</subfield>
</datafield>
<datafield tag="720" ind1=" " ind2=" ">
<subfield code="a">Peláez Ruiz, Néstor</subfield>
<subfield code="e">author</subfield>
</datafield>
<datafield tag="260" ind1=" " ind2=" ">
<subfield code="c">2014</subfield>
</datafield>
<datafield tag="520" ind1=" " ind2=" ">
<subfield code="a">Mediante la realización de este proyecto, se pretende buscar y analizar los factores y los componentes que puedan influir en la formación del niño dentro de la Educación Primaria. Todo este proceso será desarrollado teniendo en cuenta las bases establecidas por el Currículo de Educación Primaria establecido dentro de la Comunidad de Castilla y León, concretamente en el área de Educación Física.&#xd;
Se explicarán los diferentes conceptos y elementos técnicos de la escalada, así como se darán a conocer diversos materiales necesarios para su realización dentro del ámbito de Educación Primaria, los tipos de escalada, etc.&#xd;
Después de esta parte teórica, se procederá al diseño de una unidad didáctica sobre trepa y escalada, que englobará siete sesiones, organizadas en progresiva complejidad. Con la realización de las mismas, se pretende dar respuesta a los factores que debemos tener en cuenta, como maestros de Educación Física, a la hora de abordar este tipo de contenidos, así como al tipo de metodología que va a facilitar el proceso de enseñanza-aprendizaje con nuestros alumnos.</subfield>
</datafield>
<datafield tag="024" ind2=" " ind1="8">
<subfield code="a">http://uvadoc.uva.es/handle/10324/6977</subfield>
</datafield>
<datafield ind1=" " ind2=" " tag="653">
<subfield code="a">Montañismo</subfield>
</datafield>
<datafield ind1=" " ind2=" " tag="653">
<subfield code="a">Educación Física</subfield>
</datafield>
<datafield tag="245" ind1="0" ind2="0">
<subfield code="a">La trepa técnica en rocódromo: la escalada en el desarrollo integral del niño</subfield>
</datafield>
</record></metadata></record></GetRecord></OAI-PMH>